Statistics for Chained to the Rhythm - Katy Perry (All Lyrics)

Click here to take the quiz!

General Stats

  • This quiz has been taken 524 times
    (444 since last reset)
  • The average score is 339 of 447

Answer Stats

Lyrics% Correct
a
98%
I
97%
the
96%
The
96%
to
96%
we
95%
chained
94%
rhythm.
94%
rhythm,
94%
they
94%
So
90%
so
90%
it
88%
It
88%
Are
87%
Aren't
87%
on.
87%
on
87%
you
87%
We're
86%
we're
86%
Dance,
85%
dance,
85%
dance
85%
in
85%
song.
84%
up
84%
up,
84%
Up
84%
favorite
83%
it's
83%
your
83%
living
82%
Living
82%
Turn
82%
all
81%
and
79%
And
79%
repeat.
79%
crazy?
78%
like
77%
Like
77%
me.
77%
bubble,
74%
bubble.
74%
free.
74%
is
74%
Yeah,
73%
see
72%
trouble,
72%
trouble.
72%
think
71%
can.
70%
can
70%
Keep
70%
keep
70%
our
70%
glasses
69%
one
69%
party
69%
this
69%
put
68%
cannot
67%
wasted
67%
around
66%
comfortable
66%
be
65%
Drink,
64%
through
63%
distortion.
62%
lives
61%
Stumbling
60%
stumbling
60%
zombie.
60%
lens.
59%
lonely?
59%
there
57%
rose-colored
56%
Utopia.
52%
ornaments.
51%
do
50%
my
46%
for
45%
that.
45%
Trapped
45%
white-picket
45%
ever
42%
under
42%
desire.
41%
fence.
41%
Time
41%
Where
41%
enough.
39%
tone
39%
hope
38%
than
38%
will
38%
deaf?
37%
goes
37%
better
36%
'Cause
36%
nothing
36%
before
35%
They
35%
they
35%
empire.
34%
inspire.
34%
mat.
34%
people.
34%
many
33%
times
33%
sweeping
32%
connect,
31%
Thought
31%
truth
30%
Happily
29%
numb.
29%
ticking
29%
woke
29%
Break
28%
down
28%
feed
28%
lions.
27%
walls
27%
As
26%
high
25%
feeble.
24%
greed
24%
liars.
23%
riot.
22%
about
20%
place,
20%
fumbling
19%
over
10%

Score Distribution

Percentile by Number Answered

Percent of People with Each Score

Your Score History

You have not taken this quiz since the last reset